La salud publica en las americas/ (Registro nro. 8618)

Detalles MARC
000 -LEADER
fixed length control field 00882nam a2200193Ia 4500
005 - FECHA Y HORA DE LA ÚLTIMA TRANSACCIÓN
control field 20230717144105.0
008 - FIXED-LENGTH DATA ELEMENTS--GENERAL INFORMATION
fixed length control field 230712s9999 xx 000 0 und d
020 ## - INTERNATIONAL STANDARD BOOK NUMBER
International Standard Book Number 9275315892
040 ## - CATALOGING SOURCE
Original cataloging agency UPAN
Transcribing agency Biblioteca San Vicente
Description conventions RCAA2
041 ## - LANGUAGE CODE
Language code of text/sound track or separate title spa
082 ## - DEWEY DECIMAL CLASSIFICATION NUMBER
Classification number 363.1
Item number O745s
año de publicación 2002
110 ## - MAIN ENTRY--CORPORATE NAME
Corporate name or jurisdiction name as entry element Organizacion Panamericana de la salud
245 #0 - TITLE STATEMENT
Title La salud publica en las americas/
Remainder of title Organizacion Panamericana de la salud
260 ## - PUBLICATION, DISTRIBUTION, ETC. (IMPRINT)
Place of publication, distribution, etc Organizacion Panamericana de la salud:
Name of publisher, distributor, etc Organizacion Panamericana de la salud,
Date of publication, distribution, etc 2002
300 ## - PHYSICAL DESCRIPTION
Extent 400 p.:
Dimensions 28 cm.
505 ## - FORMATTED CONTENTS NOTE
Formatted contents note Parte I. La iniciativa, La salud pública en las Américas y su razón de ser <br/>Parte II. Renovación conceptual de la salud pública <br/>Parte III. Medición del desempeño de las funciones esenciales de salud pública<br/>Parte IV. De la medición a la acción
650 ## - SUBJECT ADDED ENTRY--TOPICAL TERM
Source of heading or term LEMB
General subdivision Salud pública
942 ## - ADDED ENTRY ELEMENTS (KOHA)
Koha item type Libros
Source of classification or shelving scheme Dewey Decimal Classification
Existencias
Withdrawn status Lost status Source of classification or shelving scheme Damaged status Not for loan Collection code Home library Current library Date acquired Total Checkouts Full call number Barcode Date last seen Copy number Price effective from Koha item type
    Dewey Decimal Classification     Colección General Biblioteca UPAN San Vicente Biblioteca UPAN San Vicente 12/07/2023   363.1 O745s 12001175 12/07/2023 01 12/07/2023 Libros